[Event "Varese op 13th"]
[Site "Varese"]
[Date "2014.10.12"]
[Round "5"]
[White "Rodolfo Masera, Luca"]
[Black "Maroni, Luca"]
[Result "1/2-1/2"]
[WhiteElo "1919"]
[BlackElo "1802"]
[PlyCount "38"]
[EventDate "2014.10.10"]
[EventType "swiss"]
[EventRounds "5"]
[EventCountry "ITA"]
[SourceTitle "EXT 2016"]
[Source "ChessBase"]
[SourceDate "2015.10.08"]
[SourceVersion "1"]
[SourceVersionDate "2015.10.08"]
[SourceQuality "1"]

1. d4 e6 2. c4 Bb4+ 3. Bd2 Bxd2+ 4. Nxd2 Nf6 5. g3 0-0 6. Bg2 d5 7. Ngf3 Nbd7 8. Qc2 c6 9. 0-0 Nb6 10. Rac1 Re8 11. Rfd1 h6 12. Ne5 Nbd7 13. e4 Qb6 14. cxd5 exd5 15. Nxd7 Bxd7 16. e5 Nh7 17. Nf3 Bg4 18. h3 Bxf3 19. Bxf3 Ng5 1/2-1/2

[Event "FICGS rapid B 000015 email"]
[Site "FICGS email"]
[Date "2006.09.12"]
[Round "1"]
[White "Maroni, Luca"]
[Black "Vrenchur, Lojze"]
[Result "1-0"]
[WhiteElo "1700"]
[BlackElo "1400"]
[PlyCount "63"]
[EventDate "2006.??.??"]
[EventType "tourn (rapid)"]
[EventRounds "6"]
[SourceTitle "Corr 2022"]
[Source "ChessBase"]
[SourceDate "2021.10.24"]
[SourceVersion "1"]
[SourceVersionDate "2021.10.24"]
[SourceQuality "1"]

1. e4 e5 2. Nf3 Nc6 3. Bc4 h6 4. d4 Qf6 5. d5 Na5 6. Bd3 c6 7. Qd2 b6 8. dxc6 Nxc6 9. 0-0 a6 10. Re1 Bc5 11. Nc3 Bb7 12. Nd5 Qd8 13. b4 Bd4 14. c3 Nxb4 15. cxd4 Nxd5 16. exd5 Ne7 17. d6 0-0 18. dxe7 Qxe7 19. Nxe5 Qd6 20. Re3 Kh8 21. Bb1 f5 22. Ba3 Qd5 23. Ng6+ Kh7 24. Nxf8+ Kg8 25. Rg3 Rxf8 26. Bxf8 Kxf8 27. Qb4+ d6 28. Qxb6 Kg8 29. Bxf5 Ba8 30. Qd8+ Kf7 31. Qd7+ Kf6 32. Rg6# 1-0

[Event "CFriend AP-2004-Q-00011 email"]
[Site "Chessfriend.com"]
[Date "2004.04.22"]
[Round "?"]
[White "Maroni, Luca"]
[Black "Vidalina, Franjo"]
[Result "1/2-1/2"]
[WhiteElo "2000"]
[BlackElo "2226"]
[PlyCount "60"]
[EventDate "2004.??.??"]
[EventType "tourn (corr)"]
[EventRounds "12"]
[SourceTitle "Corr 2008"]
[Source "ChessBase"]
[SourceDate "2008.06.24"]
[SourceVersion "1"]
[SourceVersionDate "2008.06.24"]
[SourceQuality "1"]

1. e4 c5 2. Nf3 e6 3. d4 cxd4 4. Nxd4 Nf6 5. Nc3 Nc6 6. Nxc6 bxc6 7. e5 Nd5 8. Ne4 Qc7 9. f4 Qb6 10. c4 Ne3 11. Qd3 Nf5 12. g4 Nd4 13. Bg2 h5 14. g5 Nf5 15. a3 Ba6 16. b4 Qd4 17. Qxd4 Nxd4 18. Kf2 Bxc4 19. Rd1 Nf5 20. Bh3 Bd5 21. Bxf5 exf5 22. Nd6+ Bxd6 23. exd6 0-0 24. Re1 Be4 25. Kg3 a5 26. Bd2 a4 27. Kh4 Rfe8 28. Be3 Re6 29. Bc5 Kh7 30. Rad1 Rae8 1/2-1/2

[Event "CFriend AP-2004-Q-00011 email"]
[Site "Chessfriend.com"]
[Date "2004.04.22"]
[Round "?"]
[White "Primbetov, Kazbek"]
[Black "Maroni, Luca"]
[Result "0-1"]
[WhiteElo "2154"]
[BlackElo "2000"]
[PlyCount "42"]
[EventDate "2004.??.??"]
[EventType "tourn (corr)"]
[EventRounds "12"]
[SourceTitle "Corr 2008"]
[Source "ChessBase"]
[SourceDate "2008.06.24"]
[SourceVersion "1"]
[SourceVersionDate "2008.06.24"]
[SourceQuality "1"]

1. e4 e5 2. Nf3 Nc6 3. Bb5 a6 4. Ba4 Nf6 5. 0-0 Be7 6. Re1 b5 7. Bb3 d6 8. c3 0-0 9. h3 Na5 10. Bc2 c5 11. d4 Qc7 12. Nbd2 cxd4 13. cxd4 Nc6 14. Nb3 a5 15. Be3 a4 16. Nbd2 Bd7 17. Rc1 Qb7 18. Qe2 a3 19. bxa3 Rxa3 20. dxe5 dxe5 21. Bb3 Ra6 0-1